[Event "Tata Steel-B 86th"]
[Site "Wijk aan Zee"]
[Date "2024.01.27"]
[Round "12"]
[White "Yilmaz, Mustafa"]
[Black "Beukema, Stefan"]
[Result "1-0"]
[WhiteElo "2665"]
[BlackElo "2428"]
[PlyCount "63"]
[EventDate "2024.01.13"]
[EventType "tourn"]
[EventRounds "13"]
[EventCountry "NED"]
[EventCategory "13"]
[SourceTitle "CB05_2024"]
[SourceDate "2024.01.31"]
[SourceVersion "1"]
[SourceVersionDate "2024.01.31"]
[SourceQuality "1"]

1. d4 d5 2. c4 c6 3. Nf3 Nf6 4. e3 e6 5. Bd3 dxc4 6. Bxc4 Nbd7 7. 0-0 Bd6 8. Nc3 b5 9. Bb3 b4 10. Na4 Bb7 11. Qe2 Qa5 12. Rd1 Ba6 13. Qe1 Bb5 14. a3 Bxa4 15. axb4 Bxb4 16. Bd2 Bxb3 17. Rxa5 Bxa5 18. Bxa5 Bxd1 19. Qxd1 0-0 20. Qc2 Rfc8 21. Bb4 Rab8 22. Ba3 Rb5 23. e4 h6 24. h3 c5 25. dxc5 Nxc5 26. b4 Nfxe4 27. bxc5 Nxc5 28. Nd4 Rb7 29. Bxc5 a5 30. Qc4 e5 31. Nf5 Rbc7 32. Qg4 1-0

[Event "Tata Steel-B 86th"]
[Site "Wijk aan Zee"]
[Date "2024.01.13"]
[Round "1"]
[White "Yilmaz, Mustafa"]
[Black "Santos Latasa, Jaime"]
[Result "0-1"]
[WhiteElo "2665"]
[BlackElo "2615"]
[PlyCount "80"]
[EventDate "2024.01.13"]
[EventType "tourn"]
[EventRounds "13"]
[EventCountry "NED"]
[EventCategory "13"]
[SourceTitle "CB05_2024"]
[SourceDate "2024.01.31"]
[SourceVersion "1"]
[SourceVersionDate "2024.01.31"]
[SourceQuality "1"]

1. d4 Nf6 2. c4 e6 3. Nf3 d5 4. Nc3 Bb4 5. cxd5 exd5 6. Bf4 Ne4 7. Rc1 Nc6 8. e3 g5 9. Bg3 h5 10. h4 g4 11. Ng1 Nxg3 12. fxg3 Bd6 13. Nge2 Ne7 14. Nf4 c6 15. Bd3 Bxf4 16. exf4 Bf5 17. 0-0 Qb6 18. Bb1 Bxb1 19. Rxb1 Nf5 20. Kh2 Qxd4 21. Re1+ Kf8 22. Qc2 Qf6 23. Re5 Nxh4 24. Rbe1 Ng6 25. Rf5 Qd6 26. Qd3 h4 27. Qd4 hxg3+ 28. Kxg3 Re8 29. Rxe8+ Kxe8 30. Qxa7 f6 31. Qxb7 Qe6 32. Ne4 dxe4 33. Ra5 Qd7 34. Ra8+ Ke7 35. Rxh8 Nxh8 36. Qb4+ Kf7 37. Qxe4 Ng6 38. a4 f5 39. Qc2 Qe6 40. Qc3 Qe4 0-1

[Event "Ankara Is Bank Cup Kirmizi"]
[Site "Ankara"]
[Date "2023.11.25"]
[Round "5"]
[White "Gokerkan, Cem Kaan"]
[Black "Yilmaz, Mustafa"]
[Result "0-1"]
[WhiteElo "2523"]
[BlackElo "2650"]
[PlyCount "86"]
[EventDate "2023.11.23"]
[EventType "tourn"]
[EventRounds "5"]
[EventCountry "TUR"]
[EventCategory "8"]
[SourceTitle "CB48_2023"]
[SourceDate "2023.11.29"]
[SourceVersion "1"]
[SourceVersionDate "2023.11.29"]
[SourceQuality "1"]

1. e4 c5 2. Nf3 d6 3. d4 cxd4 4. Nxd4 Nf6 5. Nc3 a6 6. Bc4 e6 7. Be3 Be7 8. Bb3 b5 9. Qf3 Qc7 10. g4 b4 11. Nce2 Bb7 12. Nf4 Bxe4 13. Qh3 Bxh1 14. g5 Nbd7 15. gxf6 Bxf6 16. 0-0-0 Nc5 17. Rxh1 Nxb3+ 18. axb3 Rc8 19. Kb1 Bxd4 20. Bxd4 Qxc2+ 21. Ka2 Qe4 22. Be3 Qxh1 23. Nxe6 Qd5 24. Nxg7+ Ke7 25. Nf5+ Kd7 26. Bb6 Rc5 27. Nd4+ Ke7 28. Qh4+ Qg5 29. Qe4+ Re5 30. Nc6+ Kd7 31. Qf3 Rf5 32. Qe4 Rf4 33. Qc2 Qb5 34. Nb8+ Ke6 35. Qc7 Rxb8 36. Qxb8 Qc6 37. Be3 Re4 38. Qg8 Re5 39. Qg4+ Ke7 40. Qxb4 h5 41. Bd2 Kd7 42. Qf4 Qd5 43. Bc3 Re4 0-1

[Event "EU-chT 24th"]
[Site "Budva"]
[Date "2023.11.13"]
[Round "3.2"]
[White "Yilmaz, Mustafa"]
[Black "Kadric, Denis"]
[Result "1-0"]
[WhiteElo "2650"]
[BlackElo "2584"]
[PlyCount "67"]
[EventDate "2023.11.11"]
[EventType "team-swiss"]
[EventRounds "9"]
[EventCountry "MNE"]
[SourceTitle "CB47_2023"]
[SourceDate "2023.11.22"]
[SourceVersion "1"]
[SourceVersionDate "2023.11.22"]
[SourceQuality "1"]
[WhiteTeam "Turkey"]
[BlackTeam "Montenegro"]
[WhiteTeamCountry "TUR"]
[BlackTeamCountry "MNE"]

1. d4 Nf6 2. c4 g6 3. Nc3 Bg7 4. e4 d6 5. Nf3 0-0 6. Be2 e5 7. 0-0 h6 8. Re1 Nbd7 9. Qc2 Re8 10. dxe5 dxe5 11. Be3 c6 12. Na4 Qe7 13. c5 Nf8 14. Rad1 Bg4 15. b4 Bxf3 16. Bxf3 Ne6 17. Nb2 h5 18. Nc4 Ng4 19. Bxg4 hxg4 20. Nd6 Rf8 21. Qe2 f5 22. Bc1 a5 23. b5 Kh7 24. bxc6 bxc6 25. Bb2 f4 26. Qxg4 Rab8 27. Nc4 Rxb2 28. Nxb2 Nd4 29. Nd3 f3 30. Kh1 fxg2+ 31. Qxg2 Qe6 32. Re3 Qxa2 33. Rh3+ Kg8 34. Qxg6 1-0

[Event "EU-chT 24th"]
[Site "Budva"]
[Date "2023.11.12"]
[Round "2.7"]
[White "Bacrot, Etienne"]
[Black "Yilmaz, Mustafa"]
[Result "1/2-1/2"]
[WhiteElo "2668"]
[BlackElo "2650"]
[PlyCount "54"]
[EventDate "2023.11.11"]
[EventType "team-swiss"]
[EventRounds "9"]
[EventCountry "MNE"]
[SourceTitle "CB47_2023"]
[SourceDate "2023.11.22"]
[SourceVersion "1"]
[SourceVersionDate "2023.11.22"]
[SourceQuality "1"]
[WhiteTeam "France"]
[BlackTeam "Turkey"]
[WhiteTeamCountry "FRA"]
[BlackTeamCountry "TUR"]

1. e4 e5 2. Nf3 Nc6 3. Bb5 a6 4. Ba4 Nf6 5. 0-0 Be7 6. Re1 b5 7. Bb3 0-0 8. h3 Bb7 9. d3 d5 10. exd5 Nxd5 11. Nbd2 Qd7 12. a4 Nf4 13. Ne4 Ng6 14. h4 Qg4 15. Bg5 Bxg5 16. hxg5 Na5 17. Ba2 bxa4 18. Nfd2 Qf5 19. Nf1 Bxe4 20. Rxe4 Qxg5 21. Rg4 Qd8 22. Rxa4 Nb7 23. Ne3 Nc5 24. Ra5 Nb7 25. Ra4 Nc5 26. Ra5 Nb7 27. Ra4 Nc5 1/2-1/2

[Event "FIDE Grand Swiss"]
[Site "Douglas"]
[Date "2023.11.03"]
[Round "9"]
[White "Shirov, Alexei"]
[Black "Yilmaz, Mustafa"]
[Result "1/2-1/2"]
[WhiteElo "2655"]
[BlackElo "2640"]
[PlyCount "31"]
[EventDate "2023.10.25"]
[EventType "swiss"]
[EventRounds "11"]
[EventCountry "IOM"]
[SourceTitle "Mega2024 Update 01"]
[Source "Chessbase"]
[SourceDate "2023.11.12"]
[SourceVersion "1"]
[SourceVersionDate "2023.11.12"]
[SourceQuality "1"]

1. e4 e5 2. Nf3 Nc6 3. Bb5 a6 4. Ba4 Nf6 5. 0-0 Be7 6. d3 b5 7. Bb3 d6 8. a4 Bd7 9. Be3 0-0 10. axb5 axb5 11. Nc3 Rxa1 12. Qxa1 Nb4 13. Na2 Nc6 14. Nc3 Nb4 15. Na2 Nc6 16. Nc3 1/2-1/2

[Event "FIDE Grand Swiss"]
[Site "Douglas"]
[Date "2023.11.02"]
[Round "8"]
[White "Yilmaz, Mustafa"]
[Black "Giri, Anish"]
[Result "1/2-1/2"]
[WhiteElo "2640"]
[BlackElo "2760"]
[PlyCount "61"]
[EventDate "2023.10.25"]
[EventType "swiss"]
[EventRounds "11"]
[EventCountry "IOM"]
[SourceTitle "Mega2024 Update 01"]
[Source "Chessbase"]
[SourceDate "2023.11.12"]
[SourceVersion "1"]
[SourceVersionDate "2023.11.12"]
[SourceQuality "1"]

1. d4 Nf6 2. c4 e6 3. Nf3 b6 4. g3 Bb7 5. Bg2 Be7 6. 0-0 0-0 7. Nc3 Ne4 8. Bd2 f5 9. Ne5 d6 10. Nd3 Qe8 11. Nf4 Nxc3 12. Bxc3 Bxg2 13. Kxg2 Bg5 14. d5 Bxf4 15. gxf4 Nd7 16. dxe6 Qxe6 17. Qd5 Rae8 18. Rfe1 a5 19. Rad1 Nf6 20. Bxf6 Rxf6 21. e3 Kf8 22. Qxe6 Rexe6 23. Rd5 Ke7 24. Kf3 Rf8 25. Rg1 g6 26. a4 Kf6 27. b3 Rfe8 28. Rgd1 R6e7 29. Rg1 Re6 30. Rgd1 R6e7 31. Rg1 1/2-1/2

[Event "AI Cup Div 3 L"]
[Site "Chess.com INT"]
[Date "2023.09.25"]
[Round "1.2"]
[White "Yilmaz, Mustafa"]
[Black "Radjabov, Teimour"]
[Result "1/2-1/2"]
[WhiteElo "2640"]
[BlackElo "2745"]
[PlyCount "142"]
[EventDate "2023.09.25"]
[EventType "k.o. (rapid)"]
[EventRounds "8"]
[EventCountry "USA"]
[SourceTitle "EXT 2024"]
[Source "ChessBase"]
[SourceDate "2023.10.10"]
[SourceVersion "1"]
[SourceVersionDate "2023.10.10"]
[SourceQuality "1"]

1. c4 Nf6 2. g3 e6 3. Bg2 d5 4. Nf3 Be7 5. d4 0-0 6. Nc3 dxc4 7. Ne5 c5 8. dxc5 Qxd1+ 9. Nxd1 Bxc5 10. 0-0 Nc6 11. Bxc6 bxc6 12. Be3 Bb6 13. Bxb6 axb6 14. Nxc6 Bb7 15. Nb4 Rfc8 16. Nc3 Kf8 17. f3 Ke7 18. Rfd1 g5 19. Kf2 g4 20. Rd4 h5 21. Rad1 gxf3 22. exf3 Rab8 23. Rh4 Rc5 24. Rdd4 b5 25. a3 Rg8 26. Rd2 Rgg5 27. Nc2 e5 28. Ne3 Rg8 29. h3 Bc8 30. Ned5+ Nxd5 31. Rxd5 Rxd5 32. Nxd5+ Ke6 33. Nc7+ Kf6 34. Nxb5 Be6 35. Nc3 Rb8 36. Nd1 Kg6 37. Re4 f6 38. h4 c3 39. bxc3 Rb1 40. Ne3 Rb2+ 41. Ke1 Rb3 42. Ra4 Rxc3 43. Kd2 Rb3 44. Ra6 Rb2+ 45. Kd3 Rb3+ 46. Ke4 Bc8 47. Ra5 Bb7+ 48. Nd5 Bxd5+ 49. Rxd5 Rxa3 50. Rd3 Ra4+ 51. Ke3 Ra1 52. Rd8 Ra3+ 53. Rd3 Ra1 54. Rb3 Rg1 55. Kf2 Rc1 56. Rb2 Rc3 57. Re2 Ra3 58. Rd2 Rb3 59. Rd8 Rb2+ 60. Kf1 Rb1+ 61. Kf2 Rb2+ 62. Ke3 Rb3+ 63. Rd3 Rxd3+ 64. Kxd3 f5 65. Kc4 Kf7 66. Kc3 Ke7 67. Kc4 Kd6 68. Kd3 Ke6 69. Kc4 Kd6 70. Kd3 Ke6 71. Kc4 Kd6 1/2-1/2

[Event "AI Cup Play In"]
[Site "Chess.com INT"]
[Date "2023.09.18"]
[Round "9"]
[White "Fressinet, Laurent"]
[Black "Yilmaz, Mustafa"]
[Result "0-1"]
[WhiteElo "2643"]
[BlackElo "2640"]
[PlyCount "84"]
[EventDate "2023.09.18"]
[EventType "swiss (rapid)"]
[EventRounds "9"]
[EventCountry "USA"]
[SourceTitle "EXT 2024"]
[Source "ChessBase"]
[SourceDate "2023.10.10"]
[SourceVersion "1"]
[SourceVersionDate "2023.10.10"]
[SourceQuality "1"]

1. d4 Nf6 2. Nf3 d5 3. c4 e6 4. Nc3 Bb4 5. cxd5 exd5 6. Bg5 h6 7. Bh4 0-0 8. e3 Bf5 9. Be2 Nbd7 10. Qb3 Qe7 11. 0-0 c6 12. a3 Bxc3 13. bxc3 b5 14. a4 a6 15. Qa3 Qxa3 16. Rxa3 Nb6 17. axb5 axb5 18. Rfa1 g5 19. Bg3 Ne4 20. Bc7 Na4 21. Ne5 Rfc8 22. g4 Be6 23. Nxc6 Rxc7 24. Bxb5 Rac8 25. Bxa4 Rxc6 26. Bxc6 Rxc6 27. f3 Nxc3 28. Rb3 Ne2+ 29. Kf1 Rc2 30. Raa3 h5 31. gxh5 Kg7 32. Ke1 Ng1 33. Rb6 Nxf3+ 34. Kd1 Rxh2 35. Ra7 Kf6 36. e4 Rd2+ 37. Kc1 Rxd4 38. h6 Rxe4 39. Rb3 g4 40. Ra8 Re1+ 41. Kc2 Rh1 42. Rh8 Nd4+ 0-1

[Event "AI Cup Play In Match"]
[Site "Chess.com INT"]
[Date "2023.09.18"]
[Round "1.2"]
[White "Ponkratov, Pavel"]
[Black "Yilmaz, Mustafa"]
[Result "0-1"]
[WhiteElo "2595"]
[BlackElo "2640"]
[PlyCount "80"]
[EventDate "2023.09.18"]
[EventType "k.o. (rapid)"]
[EventRounds "1"]
[EventCountry "USA"]
[SourceTitle "EXT 2024"]
[Source "ChessBase"]
[SourceDate "2023.10.10"]
[SourceVersion "1"]
[SourceVersionDate "2023.10.10"]
[SourceQuality "1"]

1. d4 Nf6 2. c4 e6 3. Nf3 d5 4. Bg5 Bb4+ 5. Nbd2 dxc4 6. a3 Bxd2+ 7. Qxd2 b5 8. a4 c6 9. Ne5 Bb7 10. f3 Nbd7 11. Nxd7 Qxd7 12. e4 0-0 13. Be2 Qc7 14. 0-0 Nd7 15. b3 cxb3 16. axb5 Qb6 17. Rfb1 cxb5 18. Rxb3 a6 19. h4 Rfe8 20. h5 h6 21. Be3 Qd8 22. Qe1 Rc8 23. Qg3 Kh8 24. Rd1 Qc7 25. Qf2 Nf6 26. g4 Qc2 27. Rbd3 b4 28. R1d2 Qb1+ 29. Kh2 b3 30. g5 hxg5 31. Bxg5 Rc1 32. h6 Rh1+ 33. Kg2 Rh5 34. Qg3 b2 35. hxg7+ Kg8 36. Rb3 Qh1+ 37. Kf2 Rh2+ 38. Ke3 Nxe4 39. Qf4 Qg1+ 40. Kd3 b1Q+ 0-1

[Event "Titled Tuesday intern op 05th Sep Early"]
[Site "Chess.com INT"]
[Date "2023.09.05"]
[Round "6"]
[White "Yilmaz, Mustafa"]
[Black "Mendez Fortes, Eduardo Jesus"]
[Result "1-0"]
[WhiteElo "2640"]
[BlackElo "2231"]
[PlyCount "203"]
[EventDate "2023.09.05"]
[EventType "swiss (blitz)"]
[EventRounds "11"]
[EventCountry "USA"]
[SourceTitle "EXT 2024"]
[Source "ChessBase"]
[SourceDate "2023.10.10"]
[SourceVersion "1"]
[SourceVersionDate "2023.10.10"]
[SourceQuality "1"]

1. d4 Nf6 2. c4 e6 3. Nf3 d5 4. Nc3 Bb4 5. cxd5 exd5 6. Bf4 0-0 7. e3 Ne4 8. Rc1 c6 9. Bd3 Qa5 10. 0-0 f5 11. Qb3 Kh8 12. Rfd1 Nd7 13. Ne5 Nxe5 14. Bxe5 Be7 15. Ne2 Qd8 16. Bb1 Bd6 17. f3 Ng5 18. Bxd6 Qxd6 19. Qa3 Qxa3 20. bxa3 Re8 21. Kf2 Bd7 22. Nf4 Nf7 23. Bd3 Nd6 24. a4 Re7 25. Rb1 Rae8 26. Re1 a6 27. a5 Bc8 28. h4 Nb5 29. Bxb5 axb5 30. Nd3 Be6 31. Nb4 Bd7 32. Rb2 Ra8 33. a6 bxa6 34. Rc1 Re6 35. Rbc2 Rae8 36. Nxc6 Bxc6 37. Rxc6 Rxe3 38. R1c2 a5 39. R6c5 b4 40. Rxd5 a4 41. Rxf5 b3 42. axb3 axb3 43. Rb2 Rd3 44. Re5 Rc8 45. Re3 Rxd4 46. Kg3 h6 47. Rbxb3 Rcc4 48. Rb7 Rd6 49. Re8+ Kh7 50. Kh3 Rg6 51. Re5 Rc2 52. g3 Rc3 53. Rf5 Rcc6 54. Rff7 Rcf6 55. h5 Rxf7 56. Rxf7 Rg5 57. Kh4 Ra5 58. Rb7 Ra4+ 59. f4 Ra5 60. Re7 Ra4 61. Kg4 Ra5 62. Re5 Ra6 63. Kf5 Kg8 64. g4 Kf7 65. Rb5 Rf6+ 66. Ke4 Re6+ 67. Kd5 Ra6 68. Rb7+ Kf6 69. Rb5 Ra4 70. Rb6+ Kf7 71. Ke5 Ra5+ 72. Ke4 Ra4+ 73. Kf3 Ra3+ 74. Kg2 Rc3 75. Rd6 Ra3 76. Rd5 Rb3 77. Kf2 Ra3 78. Re5 Rb3 79. Re3 Rb4 80. Kf3 Kf6 81. Rc3 Ra4 82. Rb3 Rc4 83. Ra3 Rb4 84. Ra6+ Kf7 85. Rd6 Rb3+ 86. Ke4 Rb4+ 87. Ke5 Rb5+ 88. Rd5 Rb4 89. Rd7+ Kg8 90. Rd6 Kf7 91. g5 Rb5+ 92. Rd5 Rb4 93. Rd7+ Kg8 94. g6 Rb5+ 95. Ke6 Rb6+ 96. Ke7 Rb8 97. Rd8+ Rxd8 98. Kxd8 Kh8 99. Ke8 Kg8 100. f5 Kh8 101. f6 gxf6 102. Kf8 1-0

[Event "Titled Tuesday intern op 05th Sep Early"]
[Site "Chess.com INT"]
[Date "2023.09.05"]
[Round "1"]
[White "Yilmaz, Mustafa"]
[Black "Nilsen, Tobias Lang"]
[Result "1-0"]
[WhiteElo "2640"]
[BlackElo "2219"]
[PlyCount "91"]
[EventDate "2023.09.05"]
[EventType "swiss (blitz)"]
[EventRounds "11"]
[EventCountry "USA"]
[SourceTitle "EXT 2024"]
[Source "ChessBase"]
[SourceDate "2023.10.10"]
[SourceVersion "1"]
[SourceVersionDate "2023.10.10"]
[SourceQuality "1"]

1. d4 Nf6 2. c4 c5 3. d5 e6 4. Nc3 exd5 5. cxd5 d6 6. Nf3 g6 7. Nd2 Bg7 8. e4 0-0 9. Be2 Re8 10. 0-0 Nbd7 11. a4 Ne5 12. h3 g5 13. Re1 a6 14. Nf1 h6 15. Ng3 Rb8 16. Qc2 Bd7 17. a5 Ng6 18. Nd1 Bb5 19. Ne3 Bxe2 20. Rxe2 Nf4 21. Re1 Nd7 22. Ngf5 Ne5 23. Ra3 b5 24. axb6 Rxb6 25. Bd2 Kh7 26. Ba5 Bf6 27. Rb3 Rxb3 28. Bxd8 Rxb2 29. Qxb2 Nf3+ 30. gxf3 Bxb2 31. Bc7 Nxh3+ 32. Kf1 Nf4 33. Nc4 Bc3 34. Rc1 Bf6 35. Ncxd6 Rf8 36. Rxc5 h5 37. Rc6 Be5 38. Nxf7 Bxc7 39. Rxc7 Kg6 40. Ne5+ Kf6 41. Nd7+ Kg6 42. Nxf8+ Kf6 43. Nd7+ Kg6 44. Rc6+ Kf7 45. Ne5+ Ke8 46. Rc8# 1-0

[Event "FIDE World Cup"]
[Site "Baku"]
[Date "2023.08.06"]
[Round "3.2"]
[White "Yilmaz, Mustafa"]
[Black "Caruana, Fabiano"]
[Result "1/2-1/2"]
[WhiteElo "2639"]
[BlackElo "2782"]
[PlyCount "76"]
[EventDate "2023.07.30"]
[EventType "k.o."]
[EventRounds "8"]
[EventCountry "AZE"]
[SourceTitle "EXT 2024"]
[Source "ChessBase"]
[SourceDate "2023.10.10"]
[SourceVersion "1"]
[SourceVersionDate "2023.10.10"]
[SourceQuality "1"]

1. d4 Nf6 2. c4 e6 3. Nf3 b6 4. g3 Ba6 5. b3 Bb4+ 6. Bd2 Be7 7. Nc3 d5 8. cxd5 exd5 9. Bg2 0-0 10. 0-0 Nbd7 11. Ne5 Bb7 12. Rc1 Re8 13. Rc2 h6 14. Bf4 Nf8 15. Bc1 Ne6 16. Bb2 c6 17. e3 Bd6 18. Ne2 Rc8 19. Nf4 Rc7 20. Qa1 Nxf4 21. gxf4 Qc8 22. Qd1 c5 23. dxc5 bxc5 24. Kh1 Bf8 25. Rg1 Rd8 26. Rd2 Qe6 27. f3 Rdc8 28. Bf1 d4 29. e4 Nh5 30. Bc4 Qd6 31. Rg6 Qd8 32. Qg1 Qh4 33. Rdg2 Qxf4 34. Re6 fxe6 35. Bxe6+ Kh7 36. Bf5+ Kg8 37. Be6+ Kh7 38. Bf5+ Kg8 1/2-1/2

[Event "FIDE World Cup"]
[Site "Baku"]
[Date "2023.08.05"]
[Round "3.1"]
[White "Caruana, Fabiano"]
[Black "Yilmaz, Mustafa"]
[Result "1/2-1/2"]
[WhiteElo "2782"]
[BlackElo "2639"]
[PlyCount "101"]
[EventDate "2023.07.30"]
[EventType "k.o."]
[EventRounds "8"]
[EventCountry "AZE"]
[SourceTitle "EXT 2024"]
[Source "ChessBase"]
[SourceDate "2023.10.10"]
[SourceVersion "1"]
[SourceVersionDate "2023.10.10"]
[SourceQuality "1"]

1. e4 e5 2. Nf3 Nc6 3. Bc4 Bc5 4. c3 Nf6 5. d3 d6 6. 0-0 0-0 7. h3 a5 8. Re1 Be6 9. Bb5 Ba7 10. a4 Ne7 11. d4 Ng6 12. Be3 d5 13. Nxe5 Nxe4 14. Nd2 Nxd2 15. Qxd2 Bf5 16. Nxg6 Bxg6 17. Bg5 f6 18. Bf4 c6 19. Be2 Bf5 20. c4 Re8 21. Bf1 Be6 22. c5 Bb8 23. Bxb8 Qxb8 24. b4 axb4 25. Qxb4 Qc7 26. a5 Bf5 27. Rxe8+ Rxe8 28. Qb6 Qxb6 29. cxb6 Kf8 30. g4 Be4 31. Rc1 Rb8 32. a6 bxa6 33. Rxc6 Bg6 34. Bxa6 Be8 35. Rd6 Ke7 36. Rxd5 Rxb6 37. Ra5 Rb4 38. Bd3 h6 39. d5 Ra4 40. Rc5 Rd4 41. Be2 Kd6 42. Rc8 Bf7 43. Rc6+ Ke7 44. Rc7+ Kf8 45. Bf3 Rd3 46. Be4 Rd1+ 47. Kh2 Bxd5 48. Bg6 Be6 49. Kg3 Rg1+ 50. Kh2 Rd1 51. Kg3 1/2-1/2

[Event "FIDE World Cup"]
[Site "Baku"]
[Date "2023.08.04"]
[Round "2.6"]
[White "Yilmaz, Mustafa"]
[Black "Liang, Awonder"]
[Result "1-0"]
[WhiteElo "2639"]
[BlackElo "2649"]
[PlyCount "77"]
[EventDate "2023.07.30"]
[EventType "k.o."]
[EventRounds "8"]
[EventCountry "AZE"]
[SourceTitle "EXT 2024"]
[Source "ChessBase"]
[SourceDate "2023.10.10"]
[SourceVersion "1"]
[SourceVersionDate "2023.10.10"]
[SourceQuality "1"]

1. d4 g6 2. c4 Bg7 3. Nf3 d6 4. Nc3 e5 5. e4 Bg4 6. d5 f5 7. h3 Bh5 8. g4 fxg4 9. Ng5 g3 10. Qa4+ b5 11. Qxb5+ c6 12. dxc6 gxf2+ 13. Kxf2 Qf6+ 14. Ke1 Ne7 15. Nd5 Nxd5 16. cxd5 0-0 17. Be3 Bh6 18. Rg1 Bxg5 19. Rxg5 Qf3 20. Kd2 Nd7 21. Bg2 Qf7 22. Rf1 Nf6 23. Kc1 Qc7 24. Rg3 Rab8 25. Qa6 Rf7 26. Bg5 Rb6 27. Qc4 Ne8 28. Rxf7 Qxf7 29. Qf1 Qc7 30. Bf3 Ng7 31. Bg4 Rb8 32. Rf3 Qb6 33. Qf2 Qa5 34. Be7 h6 35. Bxd6 Rb5 36. Bxe5 Qb4 37. Bc3 Qxe4 38. Rf8+ Kh7 39. Rh8+ 1-0

[Event "Julius Baer Play In"]
[Site "Chess.com INT"]
[Date "2023.07.24"]
[Round "4.62"]
[White "Prohaszka, Peter"]
[Black "Yilmaz, Mustafa"]
[Result "0-1"]
[WhiteElo "2585"]
[BlackElo "2639"]
[PlyCount "88"]
[EventDate "2023.07.24"]
[EventType "swiss (rapid)"]
[EventRounds "9"]
[EventCountry "GER"]
[SourceTitle "CBM 215 Extra"]
[Source "ChessBase"]
[SourceDate "2023.09.30"]
[SourceVersion "1"]
[SourceVersionDate "2023.09.30"]
[SourceQuality "1"]

1. d4 d5 2. c4 c6 3. Nf3 Nf6 4. e3 Bf5 5. Nc3 e6 6. Bd3 Bg6 7. 0-0 Nbd7 8. cxd5 exd5 9. Ne5 Bd6 10. f4 Bxd3 11. Qxd3 0-0 12. Bd2 Bb4 13. Qf5 Nb6 14. Ne4 Bxd2 15. Nxd2 Nc8 16. Qh3 Nd6 17. f5 Re8 18. Rf4 c5 19. Raf1 cxd4 20. exd4 Qb6 21. Ndf3 Nde4 22. Ng4 Qxb2 23. Nxf6+ Nxf6 24. Rh4 Rac8 25. g4 Rc1 26. g5 Rxf1+ 27. Qxf1 Ne4 28. g6 Rc8 29. f6 fxg6 30. f7+ Kf8 31. Rxe4 dxe4 32. Ng5 Ke7 33. Nxh7 Qxd4+ 34. Kg2 Qd2+ 35. Kh1 Rf8 36. Nxf8 Kxf8 37. Qb5 Qc1+ 38. Kg2 Qc6 39. Qe5 Kxf7 40. Kg3 a6 41. h4 Qe6 42. Qc7+ Qe7 43. Qc4+ Kf6 44. Qd4+ Qe5+ 0-1

[Event "TUR-chT"]
[Site "Ankara"]
[Date "2023.07.16"]
[Round "7.2"]
[White "Kadric, Denis"]
[Black "Yilmaz, Mustafa"]
[Result "1/2-1/2"]
[WhiteElo "2601"]
[BlackElo "2639"]
[PlyCount "81"]
[EventDate "2023.07.10"]
[EventType "team-tourn"]
[EventRounds "11"]
[EventCountry "TUR"]
[SourceTitle "EXT 2024"]
[Source "ChessBase"]
[SourceDate "2023.10.10"]
[SourceVersion "1"]
[SourceVersionDate "2023.10.10"]
[SourceQuality "1"]
[WhiteTeam "Darassufaka Spor"]
[BlackTeam "Gokturk"]
[WhiteTeamCountry "TUR"]
[BlackTeamCountry "TUR"]

1. e4 c5 2. Nf3 d6 3. d4 cxd4 4. Nxd4 Nf6 5. Nc3 a6 6. f4 e5 7. Nb3 Be7 8. fxe5 dxe5 9. Qxd8+ Bxd8 10. Be3 Nbd7 11. Be2 b6 12. g4 Bb7 13. Bf3 h6 14. 0-0-0 b5 15. h4 b4 16. Nd5 Nxd5 17. exd5 a5 18. g5 Bb6 19. Bxb6 Nxb6 20. Rhe1 Nd7 21. Bg4 hxg5 22. hxg5 f6 23. Bxd7+ Kxd7 24. Nc5+ Kc7 25. Rf1 Kb6 26. Nxb7 Kxb7 27. gxf6 gxf6 28. Rxf6 Rac8 29. Rg1 Rc7 30. d6 Rd7 31. Re6 Rh5 32. Re1 Kb6 33. Re4 Rh1+ 34. Kd2 Ra1 35. b3 Rxa2 36. R4xe5 Kc6 37. Kc1 a4 38. bxa4 Rxa4 39. Kb2 Rxd6 40. Kb3 Ra1 41. Kxb4 1/2-1/2